000 00698nom a22001817a 4500
005 20220609144748.0
008 190717b xxu||||| |||| 00| 0 spa d
041 _aeng
082 _aKit de demostración de pulmones inflables
245 _aKit de demostración de pulmones inflables
300 _a6.35 Kg
500 _aContiene bandeja de inflado, bomba de aire, pulmón sano y pulmón enfermo, sección de pulmón seco, guía del maestro y contenedor para almacenar pulmones. Se prestan para el mismo día, hasta las 7:50 pm
650 _aPULMONES
_934463
650 _aPULMONES SANOS
_963586
650 _aPULMONES ENFERMOS
_963587
650 _aMODELOS ANATÓMICOS
_963588
942 _cMA
999 _c12127
_d12127